Представление документа в формате MARC21

Поле Инд. ПП Название Значение
Тип записи a
Библиографический уровень m
001 Контрольный номер bbb29534b820480d890334a8e2d4c42b
005 Дата корректировки 20240415122455.0
008 Кодируемые данные 211223|||||||||ru |||||||||||||||||rus||
020 a ISBN 978-5-4222-0419-9
041 0_ a Код языка текста rus
084 a Индекс другой классификации/Индекс ББК 63.3(2)6-6+63.3(4)+63.3(2Рос-4Мур)
090 a Полочн. индекс 63.3(2)
x Авторский знак Р 76
203 a Вид содержания Текст
c Тип средства непосредственное
245 10 a Заглавие Россия и Норвегия. Многогранные взаимоотношения в приграничье
b Продолж. заглавия сборник научных статей
c Ответственность Университет Тромсё - Арктический Университет Норвегии ; Баренц Институт ; Институт туризма и изучения Севера ; Мурманский арктический государственный университет ; редколлегия: В. В. Тевлина, И. В. Рыжкова, У. Врокберг
246 01 a Другая форма заглавия Russia and Norway. Multidimensional Relations in the Borderland
260 a Место издания Мурманск
b Издательство МАГУ
c Дата издания 2020
300 a Объем 361 с.
b Иллюстрации/ тип воспроизводства ил.
500 a Примечание Текст англ., рус.
500 a Примечание Парал. тит. л. англ.
500 a Примечание Имеется электрон. аналог 2020 г.
500 a Примечание Сведения об авторах на с. 358-361
520 0_ a Аннотация Чтобы счастливо жить в приграничье, необходимо развивать навыки общения и не только хорошо узнавать соседа, но и многому учиться у него. Сборник подготовлен российскими и зарубежными авторами на основании докладов международных семинаров, проходивших в России и Норвегии. В большей мере описано сотрудничество между территориями Печенгского района Мурманской области и коммуны Сёр-Варангер в губернии Финнмарк в сферах истории, образования, языкознания, культуры
650 04 a Основная рубрика Россия-Внешняя политика и международные отношения-История-Сборники
650 04 a Основная рубрика Норвегия-История-Сборники
651 _4 a Географическое наименование Российская Федерация
651 _4 a Географическое наименование Мурманская область
651 _4 a Географическое наименование Норвегия
651 _4 a Географическое наименование Вардё, город (Норвегия)
651 _4 a Географическое наименование Вадсё, город (Норвегия)
651 _4 a Географическое наименование Альте, город (Норвегия)
651 _4 a Географическое наименование Киркенес, город
653 0_ a Ключевые слова История Норвегии
a Ключевые слова История России
a Ключевые слова Краеведение
a Ключевые слова Краеведение историческое
a Ключевые слова Международные отношения
a Ключевые слова Международное сотрудничество
a Ключевые слова Норвежско-русские отношения
a Ключевые слова Норвежско-русское сотрудничество
a Ключевые слова Норвежско-советское сотрудничество
a Ключевые слова Приграничные территории
a Ключевые слова Русско-норвежские отношения
710 12 a Организация/ юрисдикция Мурманский арктический государственный университет
900 a Имя макрообъекта Россия и Норвегия
901 t Тип документа m